Normal view MARC view

Entry Personal Name

Number of records used in: 1

001 - CONTROL NUMBER

  • control field: 4458

003 - CONTROL NUMBER IDENTIFIER

  • control field: OSt

005 - DATE AND TIME OF LATEST TRANSACTION

  • control field: 20210916154514.0

008 - FIXED-LENGTH DATA ELEMENTS

  • fixed length control field: 210916|| aca||aabn | a|a d

040 ## - CATALOGING SOURCE

  • Original cataloging agency: OSt
  • Transcribing agency: OSt

100 ## - HEADING--PERSONAL NAME

  • Personal name: HARRIS SEYMOUR E

670 ## - SOURCE DATA FOUND

  • Source citation: Work cat.: (OSt)4505: HARRIS SEYMOUR E., ACADEMIC ACTIVIST 1920-1970, 1972